[Event "Santiago de Chile op"]
[Site "Santiago de Chile"]
[Date "2011.09.23"]
[Round "7"]
[White "Tapia Fuentes, Jaime"]
[Black "Diaz, Robert"]
[Result "0-1"]
[WhiteElo "2044"]
[BlackElo "2306"]
[PlyCount "74"]
[EventDate "2011.09.07"]
[EventType "swiss"]
[EventRounds "9"]
[EventCountry "CHI"]
[SourceTitle "EXT 2012"]
[Source "ChessBase"]
[SourceDate "2011.11.24"]
[SourceVersion "1"]
[SourceVersionDate "2011.11.24"]
[SourceQuality "1"]

1. e4 e6 2. d4 d5 3. Nc3 Bb4 4. e5 Ne7 5. Qg4 Kf8 6. a3 Bxc3+ 7. bxc3 c5 8. Bd2 Qa5 9. h4 Qa4 10. h5 h6 11. Rh3 Nbc6 12. Rf3 Nxe5 13. Qf4 Nxf3+ 14. Nxf3 Qxc2 15. Qd6 Qa4 16. Rb1 Qc6 17. Qf4 c4 18. Ne5 Qe8 19. g4 f6 20. Be2 Kg8 21. Nf3 Nc6 22. Nh4 b6 23. Ng6 e5 24. Qe3 Bd7 25. Bf3 exd4 26. Bxd5+ Kh7 27. cxd4 Qxe3+ 28. Bxe3 Rhe8 29. Kd2 Rac8 30. Bxc4 Na5 31. Bf7 Nc4+ 32. Kd3 Bxg4 33. Rb4 Nxe3 34. Bxe8 Nd5 35. Rb5 Nc7 36. Bc6 Nxb5 37. Bxb5 Bf5+ 0-1

[Event "CHI-chT"]
[Site "Chile"]
[Date "2010.12.07"]
[Round "8"]
[White "Torres Bravo, Cristobal Renato"]
[Black "Diaz, Robert"]
[Result "0-1"]
[WhiteElo "2231"]
[BlackElo "2359"]
[PlyCount "108"]
[EventDate "2010.10.19"]
[EventType "team"]
[EventRounds "9"]
[EventCountry "CHI"]
[SourceTitle "EXT 2012"]
[Source "ChessBase"]
[SourceDate "2011.11.24"]
[SourceVersion "1"]
[SourceVersionDate "2011.11.24"]
[SourceQuality "1"]

1. d4 Nf6 2. c4 g6 3. Nc3 Bg7 4. e4 d6 5. Nf3 0-0 6. Be2 e5 7. 0-0 Nbd7 8. dxe5 dxe5 9. Qc2 c6 10. b3 Re8 11. Rd1 Qc7 12. Bb2 Nc5 13. Ba3 Bf8 14. Bxc5 Bxc5 15. Na4 Bf8 16. Ne1 Bg7 17. Qd3 a5 18. Nc2 Nd7 19. Qd6 Qxd6 20. Rxd6 Nf8 21. Nc5 Ne6 22. Nxe6 Bxe6 23. Rad1 Bf8 24. R6d2 h5 25. Kf1 Kg7 26. Ne1 a4 27. Rb1 axb3 28. axb3 f5 29. f3 Red8 30. Rxd8 Rxd8 31. Rd1 Ra8 32. Nd3 Kf6 33. exf5 gxf5 34. f4 e4 35. Ne5 Bh6 36. g3 h4 37. Nd7+ Ke7 38. Nc5 Bc8 39. Na4 Ra5 40. Kf2 Be6 41. Rg1 Bg7 42. Ke3 c5 43. Kd2 b5 44. cxb5 Bxb3 45. Nxc5 Bd4 46. Rc1 Ra2+ 47. Ke1 Bc2 48. Bc4 Rb2 49. Na6 Be3 50. Ra1 Bd3 51. Bxd3 exd3 52. Nc7 Kd6 53. Ne8+ Kc5 54. Kf1 Rf2+ 0-1

[Event "Santiago Endesa Clasification"]
[Site "Santiago de Chile"]
[Date "2007.08.13"]
[Round "1"]
[White "Diaz, Robert"]
[Black "Ulloa Bustos, Juan"]
[Result "1-0"]
[WhiteElo "2319"]
[BlackElo "2118"]
[PlyCount "57"]
[EventDate "2007.08.13"]
[EventType "swiss"]
[EventRounds "9"]
[EventCountry "CHI"]
[SourceTitle "EXT 2008"]
[Source "ChessBase"]
[SourceDate "2007.11.25"]
[SourceVersion "1"]
[SourceVersionDate "2007.11.25"]
[SourceQuality "1"]

1. e4 Nf6 2. e5 Nd5 3. Nf3 d6 4. d4 Bg4 5. Be2 e6 6. 0-0 Bxf3 7. Bxf3 dxe5 8. dxe5 c6 9. Qe2 Qc7 10. c4 Ne7 11. Bg4 Nd7 12. f4 g6 13. Nc3 Nf5 14. Ne4 Be7 15. Bd2 Rd8 16. b4 h5 17. Bh3 Nd4 18. Qf2 c5 19. Bc3 b6 20. Rad1 Nb8 21. b5 Nd7 22. Rd2 0-0 23. Rfd1 Kg7 24. g3 Rfe8 25. Nd6 Rf8 26. Bg2 Kg8 27. Bxd4 cxd4 28. Qxd4 Qc5 29. Nb7 1-0

[Event "Santiago Endesa 08"]
[Site "Santiago de Chile"]
[Date "2007.07.??"]
[Round "10"]
[White "Diaz, Robert"]
[Black "Marin Munoz, Roque"]
[Result "1-0"]
[WhiteElo "2319"]
[BlackElo "2103"]
[PlyCount "57"]
[EventDate "2007.07.??"]
[EventType "tourn"]
[EventRounds "11"]
[EventCountry "CHI"]
[SourceTitle "EXT 2008"]
[Source "ChessBase"]
[SourceDate "2007.11.25"]
[SourceVersion "1"]
[SourceVersionDate "2007.11.25"]
[SourceQuality "1"]

1. e4 c5 2. Nf3 d6 3. c3 Nf6 4. Bd3 Bg4 5. Bc2 Nc6 6. d3 d5 7. Nbd2 e6 8. Qe2 Qc7 9. h3 Bh5 10. 0-0 Bd6 11. Ba4 dxe4 12. dxe4 Nd7 13. Nc4 0-0-0 14. Qe3 Nde5 15. Nfxe5 Nxe5 16. Nxe5 Bxe5 17. g4 Bg6 18. f4 Bd6 19. f5 c4 20. Qe2 Bc5+ 21. Kg2 exf5 22. exf5 Rd3 23. Rf3 h5 24. fxg6 hxg4 25. Rxd3 cxd3 26. Qxg4+ f5 27. Qxf5+ Kb8 28. Bf4 Bd6 29. Rf1 1-0

[Event "Santiago Endesa 08"]
[Site "Santiago de Chile"]
[Date "2007.07.??"]
[Round "7"]
[White "Dumas Aviles, Alejandro"]
[Black "Diaz, Robert"]
[Result "0-1"]
[WhiteElo "2221"]
[BlackElo "2319"]
[PlyCount "80"]
[EventDate "2007.07.??"]
[EventType "tourn"]
[EventRounds "11"]
[EventCountry "CHI"]
[SourceTitle "EXT 2008"]
[Source "ChessBase"]
[SourceDate "2007.11.25"]
[SourceVersion "1"]
[SourceVersionDate "2007.11.25"]
[SourceQuality "1"]

1. d4 Nf6 2. Bg5 Ne4 3. Bf4 c5 4. f3 Qa5+ 5. c3 Nf6 6. d5 d6 7. e4 Nbd7 8. Nd2 g6 9. Nc4 Qc7 10. a4 Bg7 11. Qd2 h5 12. Nh3 Nb6 13. Nf2 Nxc4 14. Bxc4 Nd7 15. 0-0 b6 16. Rfe1 a6 17. Bg5 Rb8 18. f4 b5 19. axb5 axb5 20. Bf1 f6 21. Bh4 Bh6 22. b4 c4 23. Nd1 0-0 24. Bf2 Ne5 25. h3 f5 26. Be3 Nf7 27. e5 dxe5 28. fxe5 Bg7 29. e6 Nd6 30. Nf2 Bb7 31. Be2 Ne4 32. Nxe4 fxe4 33. Bd4 Rf5 34. Bxg7 Kxg7 35. Rf1 Qb6+ 36. Kh1 Rbf8 37. Rxf5 Rxf5 38. Rf1 Rxf1+ 39. Bxf1 e3 40. Qd1 Qd6 0-1

[Event "Santiago Endesa 08"]
[Site "Santiago de Chile"]
[Date "2007.07.??"]
[Round "11"]
[White "Tapia, Rodrigo"]
[Black "Diaz, Robert"]
[Result "1-0"]
[WhiteElo "2055"]
[BlackElo "2319"]
[PlyCount "103"]
[EventDate "2007.07.??"]
[EventType "tourn"]
[EventRounds "11"]
[EventCountry "CHI"]
[SourceTitle "EXT 2008"]
[Source "ChessBase"]
[SourceDate "2007.11.25"]
[SourceVersion "1"]
[SourceVersionDate "2007.11.25"]
[SourceQuality "1"]

1. e4 e5 2. f4 exf4 3. Nf3 d5 4. exd5 Nf6 5. c4 c6 6. d4 cxd5 7. Bxf4 Bb4+ 8. Nc3 0-0 9. a3 Re8+ 10. Be2 Be7 11. 0-0 Nc6 12. Nb5 dxc4 13. Bxc4 Nd5 14. Bxd5 Qxd5 15. Nc7 Qe4 16. Qd2 Bg4 17. Rae1 Qf5 18. Nxa8 Rxa8 19. d5 Rd8 20. d6 Bf8 21. h3 Bxf3 22. Rxf3 h6 23. Bxh6 Qc5+ 24. Be3 Qxd6 25. Qxd6 Bxd6 26. b4 a6 27. Bb6 Rd7 28. Kf1 Ne5 29. Rc3 f6 30. Rd1 Kf7 31. Bc5 Bb8 32. Rxd7+ Nxd7 33. Ke2 Be5 34. Rd3 Ke6 35. g4 g5 36. a4 a5 37. Kf3 b6 38. Rxd7 bxc5 39. Ra7 axb4 40. Ke4 Kd6 41. Ra6+ Kc7 42. Kd5 b3 43. Ra5 b2 44. Rxc5+ Kb6 45. Rb5+ Ka6 46. Kc4 Ka7 47. Kd3 Ka6 48. Kc2 Bd4 49. Rxb2 Ka5 50. Ra2 Be5 51. Kd3 Bf4 52. Ke4 1-0

[Event "Buenos Aires CC Argentino"]
[Site "Buenos Aires"]
[Date "2006.06.28"]
[Round "8"]
[White "Goldwaser, Christian"]
[Black "Diaz, Robert"]
[Result "0-1"]
[WhiteElo "2308"]
[BlackElo "2307"]
[PlyCount "94"]
[EventDate "2006.06.21"]
[EventType "tourn"]
[EventRounds "11"]
[EventCountry "ARG"]
[EventCategory "3"]
[SourceTitle "CBM 112 Extra"]
[Source "ChessBase"]
[SourceDate "2006.07.14"]
[SourceVersion "1"]
[SourceVersionDate "2006.07.14"]
[SourceQuality "1"]

1. d4 Nf6 2. c4 d6 3. Nf3 g6 4. g3 Bg7 5. Bg2 0-0 6. 0-0 Nbd7 7. Nc3 e5 8. e4 Re8 9. Re1 c6 10. h3 Qc7 11. Be3 exd4 12. Nxd4 Nc5 13. Qc2 a5 14. Rad1 Bd7 15. b3 Rad8 16. a3 Bc8 17. b4 axb4 18. axb4 Ne6 19. Nb3 Nd7 20. f4 f5 21. exf5 gxf5 22. Na4 b5 23. Nc3 bxc4 24. Na5 d5 25. Bxd5 cxd5 26. Nxd5 Qb8 27. Qxc4 Bb7 28. b5 Nf6 29. Nxf6+ Bxf6 30. Nc6 Rxd1 31. Rxd1 Qc7 32. Qd5 Bxc6 33. bxc6 Kg7 34. Rc1 Nd8 35. Bd4 Re6 36. Bxf6+ Rxf6 37. Kh1 Nxc6 38. g4 fxg4 39. hxg4 Qd6 40. Qg5+ Rg6 41. Qf5 Rh6+ 42. Kg1 Qd4+ 43. Kg2 Qd2+ 44. Kg3 Qe3+ 45. Kg2 Qd2+ 46. Kg3 Qh2+ 47. Kf3 Nd4+ 0-1

[Event "Buenos Aires CC Argentino"]
[Site "Buenos Aires"]
[Date "2006.06.26"]
[Round "6"]
[White "Lopez Silva, Hugo Andres"]
[Black "Diaz, Robert"]
[Result "1/2-1/2"]
[WhiteElo "2421"]
[BlackElo "2307"]
[PlyCount "42"]
[EventDate "2006.06.21"]
[EventType "tourn"]
[EventRounds "11"]
[EventCountry "ARG"]
[EventCategory "3"]
[SourceTitle "CBM 112 Extra"]
[Source "ChessBase"]
[SourceDate "2006.07.14"]
[SourceVersion "1"]
[SourceVersionDate "2006.07.14"]
[SourceQuality "1"]

1. e4 e6 2. d4 d5 3. Nc3 Bb4 4. e5 c5 5. a3 Bxc3+ 6. bxc3 Ne7 7. Qg4 Qc7 8. Qxg7 Rg8 9. Qxh7 cxd4 10. Ne2 dxc3 11. f4 Nbc6 12. Qd3 d4 13. Nxd4 Nxd4 14. Qxd4 Bd7 15. Rb1 Nf5 16. Qf2 Qc6 17. Rg1 Qe4+ 18. Qe2 Qd4 19. Qf2 Qe4+ 20. Qe2 Qd4 21. Qf2 Qe4+ 1/2-1/2

[Event "Buenos Aires CC Argentino"]
[Site "Buenos Aires"]
[Date "2006.06.22"]
[Round "2"]
[White "Granara Barreto, Sebastian A"]
[Black "Diaz, Robert"]
[Result "1/2-1/2"]
[WhiteElo "2273"]
[BlackElo "2307"]
[PlyCount "41"]
[EventDate "2006.06.21"]
[EventType "tourn"]
[EventRounds "11"]
[EventCountry "ARG"]
[EventCategory "3"]
[SourceTitle "CBM 112 Extra"]
[Source "ChessBase"]
[SourceDate "2006.07.14"]
[SourceVersion "1"]
[SourceVersionDate "2006.07.14"]
[SourceQuality "1"]

1. d4 Nf6 2. Nf3 d6 3. Nc3 Nbd7 4. e4 e5 5. Bc4 h6 6. 0-0 Be7 7. Re1 0-0 8. h3 Re8 9. Be3 c6 10. Bb3 Qc7 11. dxe5 dxe5 12. Nh4 Bc5 13. Nf5 Bxe3 14. Rxe3 Nc5 15. Qd6 Qxd6 16. Nxd6 Re7 17. Rd1 Be6 18. Bxe6 Nxe6 19. Nf5 Rd7 20. Rxd7 Nxd7 21. Rd3 1/2-1/2

[Event "Las Condes zt 2.5"]
[Site "Las Condes"]
[Date "2005.11.10"]
[Round "6"]
[White "Flores, Manuel"]
[Black "Diaz, Robert"]
[Result "1-0"]
[WhiteElo "2091"]
[BlackElo "2250"]
[PlyCount "77"]
[EventDate "2005.11.07"]
[EventType "swiss"]
[EventRounds "9"]
[EventCountry "CHI"]
[SourceTitle "EXT 2006"]
[Source "ChessBase"]
[SourceDate "2005.11.24"]
[SourceVersion "1"]
[SourceVersionDate "2005.11.24"]
[SourceQuality "1"]

1. e4 e5 2. Nc3 Nf6 3. g3 c6 4. Nf3 d6 5. Bg2 Be7 6. 0-0 0-0 7. d4 Nbd7 8. a4 Re8 9. Re1 Bf8 10. a5 Qc7 11. h3 g6 12. d5 h6 13. Be3 Kh7 14. Bf1 a6 15. Nd2 c5 16. Nc4 Ng8 17. Qf3 Kg7 18. g4 Be7 19. Qg3 Qd8 20. Bd3 Bh4 21. Qg2 Qe7 22. Rf1 Bg5 23. Qg3 Ngf6 24. Rab1 Rb8 25. Na4 Rd8 26. b4 Bxe3 27. Nxe3 cxb4 28. Rxb4 Nf8 29. Rfb1 Qc7 30. Nb6 N8d7 31. Rc4 Nc5 32. f4 Re8 33. Rf1 Qe7 34. Rxc5 dxc5 35. Nec4 Nd7 36. fxe5 Nxb6 37. axb6 Bd7 38. e6 fxe6 39. d6 1-0

[Event "Las Condes zt 2.5"]
[Site "Las Condes"]
[Date "2005.11.09"]
[Round "5"]
[White "Diaz, Robert"]
[Black "Henriquez, Mauricio"]
[Result "1-0"]
[WhiteElo "2250"]
[BlackElo "2090"]
[PlyCount "61"]
[EventDate "2005.11.07"]
[EventType "swiss"]
[EventRounds "9"]
[EventCountry "CHI"]
[SourceTitle "EXT 2006"]
[Source "ChessBase"]
[SourceDate "2005.11.24"]
[SourceVersion "1"]
[SourceVersionDate "2005.11.24"]
[SourceQuality "1"]

1. e4 e5 2. Nf3 Nc6 3. Nc3 Nf6 4. g3 Be7 5. d4 exd4 6. Nxd4 0-0 7. Bg2 Nxd4 8. Qxd4 d6 9. 0-0 c6 10. Bf4 Nh5 11. Be3 f5 12. exf5 Bf6 13. Qd1 Bxc3 14. bxc3 Nf6 15. g4 h5 16. h3 Qa5 17. Bd4 hxg4 18. hxg4 c5 19. Bxf6 Rxf6 20. Bd5+ Kf8 21. Qd3 Qa4 22. c4 Bd7 23. Kg2 Re8 24. Rae1 Bc6 25. Rxe8+ Kxe8 26. Re1+ Kd8 27. g5 Rf8 28. Re6 Kd7 29. Rg6 Rf7 30. Kh2 Re7 31. Bg8 1-0

[Event "Las Condes zt 2.5"]
[Site "Las Condes"]
[Date "2005.11.08"]
[Round "3"]
[White "Diaz, Robert"]
[Black "Richter, Hans S"]
[Result "1-0"]
[WhiteElo "2250"]
[BlackElo "2144"]
[PlyCount "65"]
[EventDate "2005.11.07"]
[EventType "swiss"]
[EventRounds "9"]
[EventCountry "CHI"]
[SourceTitle "EXT 2006"]
[Source "ChessBase"]
[SourceDate "2005.11.24"]
[SourceVersion "1"]
[SourceVersionDate "2005.11.24"]
[SourceQuality "1"]

1. e4 c5 2. c3 g6 3. d3 Nc6 4. Nf3 d5 5. Nbd2 Bg7 6. g3 e6 7. Bg2 Nge7 8. 0-0 0-0 9. Re1 b5 10. e5 Qb6 11. h4 h6 12. Nf1 Ba6 13. Bf4 Rad8 14. Qd2 Kh7 15. d4 b4 16. Ne3 bxc3 17. bxc3 Qa5 18. Ng4 Nf5 19. Nf6+ Bxf6 20. exf6 cxd4 21. g4 dxc3 22. Qc1 Nfd4 23. Bxh6 Nxf3+ 24. Bxf3 Nd4 25. Bg2 Rg8 26. Kh1 Ne2 27. Qg5 c2 28. Bf8 Rgxf8 29. Be4 c1Q 30. Rexc1 Nxc1 31. Rxc1 Rc8 32. Rd1 Be2 33. Qh5+ 1-0

[Event "Maipu Magistral 2nd"]
[Site "Maipu"]
[Date "2003.10.27"]
[Round "2.1"]
[White "Diaz, Robert"]
[Black "Llorens Sepulveda, Marcelo"]
[Result "1/2-1/2"]
[WhiteElo "2224"]
[BlackElo "2361"]
[PlyCount "48"]
[EventDate "2003.10.26"]
[EventType "tourn"]
[EventRounds "11"]
[EventCountry "CHI"]
[EventCategory "2"]
[SourceTitle "CBM 097 Extra"]
[Source "ChessBase"]
[SourceDate "2004.01.13"]
[SourceVersion "1"]
[SourceVersionDate "2004.01.13"]
[SourceQuality "1"]

1. e4 c5 2. Nf3 Nc6 3. c3 e6 4. d4 cxd4 5. cxd4 d5 6. exd5 exd5 7. h3 Bb4+ 8. Nc3 Nge7 9. Bd3 0-0 10. 0-0 Bf5 11. Re1 Rc8 12. Bg5 f6 13. Bf4 Bxc3 14. bxc3 Bxd3 15. Qxd3 Ng6 16. Bg3 Na5 17. h4 Qd7 18. Re2 Rfe8 19. Rae1 Rxe2 20. Qxe2 Kf7 21. h5 Nf8 22. h6 g6 23. Bh4 Qd6 24. Bg3 Qd7 1/2-1/2